000 00707nam a2200265Ia 4500
003 OSt
005 20220918223858.0
006 a|||||r|||| 00| 0
007 ta
008 220917b |||||||| |||| 00| 0 eng d
024 _a225,487
037 _cTextual
040 _aARTS
_cARTS
_beng
041 _2eng
_aeng
082 _aR:(S:4), N5-;1(RD)
100 _aSperber Dan
245 0 _aRelevance
_b Communication and cognition
250 _a2nd
260 _aU.S.A.
_bBlackwell Pub.
_c1995
300 _aviii, 236p.
_ccm.
500 _arep. 1995
700 _a Wilson Deirdre
942 _hR:(S:4), N5-;1(RD)
_cTEXL
_2CC
999 _c279653
_d279653